000 00772cam a2200229 4500
001 ABS62391
008 000000n2000 000 0 eng u
035 _a(Sirsi) u106273
100 _aBrewer, G.
245 _aValue added tax in pricing
260 _c2000
490 _aContract Journal
_v403(6277) 17 May 2000, 25(1)
520 _aConsiders whether, in the absence of clear wording in the contract, a contract price is regarded as inclusive or exclusive of Value added tax. Case law.
590 _aABS
650 _aVALUE ADDED TAX
650 _aBUILT ENVIRONMENT-BUILDING CONTRACT FORMS
650 _aLANCASTER V BIRD
650 _aTONY COX (DISMANTLERS) LTD V JIM 5 LTD
650 _aFRANK AND COLLINGWOOD V GATES
690 _aTAXATION
942 _n0
999 _c63647
_d63647